banner-ar

الواقعية فى المسرح المعاصر : (Record no. 66342)

MARC details
000 -الفاتح
حقل البيانات ثابتة الطول 00818nam a2200229 4500
005 - وقت وتاريخ اخر تعامل مع التسجيلة
رقم الضبط 20240530110913.0
008 - عناصر البيانات ثابتة الطول - معلومات عامة
حقل البيانات ثابتة الطول 220326s2009 a f b 000 0 ara d
017 ## - رقم الايداع القانونى
رقم الايداع القانونى 2008/17484
المصدر ( الهيئة المختصة) مصر. دار الكتب
020 ## - الرقم الدولى المعيارى للكتب
الرقم الدولى المعيارى للكتاب 9775471745
040 ## - مصدر الفهرسة
وكالة الفهرسة الأصلية EG-CaGPL
وكالة النسخ EG-CaGPL
082 04 - رقم تصنيف ديوى العشرى
رقم الطبعة 21
رقم التصنيف 792\
رقم المادة س و
100 0# - المدخل الرئيسى - إسم شخصى
الإسم الشخصى سهى ابراهيم عبدالسلام
245 12 - بيان العنوان
العنوان الواقعية فى المسرح المعاصر :
بقية العنوان نعمان عاشور نموذجا /
بيان المسئوليه,etc سهى ابراهيم عبدالسلام
250 ## - بيان الطبعة
بيان الطبعة ط.1
260 ## - PUBLICATION, DISTRIBUTION, ETC. (IMPRINT)
تاريخ النشر أو التوزيع 2009
300 ## - الوصف المادى
التعداد 239 ص. ؛
أبعاد الوعاء 24 سم
600 0# - المدخل الاضافى بالموضوع-اسم شخصى
الإسم الشخصى نعمان عاشور
650 07 - المدخل الاضافى بالموضوع-مصطلح موضوعى
مصدر الرأس أو المصطلح qrmak
مصطلح موضوعي المسرح
651 ## - المدخل الاضافى بالموضوع - اسم جغرافى
مصدر الرأس أو المصطلح qrmak
942 ## - عناصر المدخل الإضافي( كوها)
مصدر التصنيف او مخطط الترفيف Dewey Decimal Classification
Koha [default] item type كتاب
260 ## - PUBLICATION, DISTRIBUTION, ETC. (IMPRINT)
-- القاهرة :
-- مصر العربية للنشر والتوزيع،
Holdings
حالة التراجع حالة الفقد حالة تلف ليس للاعارة المكان المؤقت الموقع الحالى موقع الترفيف تاريخ الاكتساب اجمالي اﻻعارات رقم الطلب الباركود تاريخ اخر مشاهدة تاريخ تفعيل السعر نوع وعاء كوها
        مكتبة القاهرة الكبرى مكتبة القاهرة الكبرى   03/26/2022   792\ س و 167703 03/26/2022 03/26/2022 كتاب

Powered By

EGPV